[Event "GER North-chT U16"]
[Site "Magdeburg"]
[Date "2006.08.26"]
[Round "2.2"]
[White "Heimann, Philipp"]
[Black "Reiche, Tilman"]
[Result "1-0"]
[WhiteElo "979"]
[BlackElo "1026"]
[PlyCount "95"]
[EventDate "2006.08.26"]
[EventType "team"]
[EventRounds "7"]
[EventCountry "GER"]
[SourceTitle "EXT 2007"]
[Source "ChessBase"]
[SourceDate "2006.11.23"]
[SourceVersion "1"]
[SourceVersionDate "2006.11.23"]
[SourceQuality "1"]

1. e4 e5 2. Nf3 Nf6 3. Nc3 Nc6 4. Bb5 Bc5 5. 0-0 d6 6. d4 exd4 7. Nxd4 Bxd4 8. Qxd4 Bd7 9. Bxc6 Bxc6 10. Bg5 h6 11. Bh4 g5 12. Bg3 Qe7 13. Rfe1 0-0-0 14. Nd5 Bxd5 15. exd5 c5 16. Qxc5+ dxc5 17. Rxe7 Nxd5 18. Rxf7 Rhe8 19. c4 Ne7 20. Re1 h5 21. h4 Ng6 22. Rc7+ Kb8 23. Rg7+ Kc8 24. Rxe8 Rxe8 25. Rxg6 g4 26. Rg5 Re2 27. Rxc5+ Kd8 28. Rxh5 Rxb2 29. Rh8+ Kd7 30. Rh7+ Kc6 31. c5 Kd5 32. Rh5+ Kc6 33. Bb8 Rxa2 34. Rg5 a5 35. Rxg4 a4 36. h5 a3 37. Be5 Re2 38. Bg7 Kxc5 39. Bf8+ Kd5 40. Bxa3 Re5 41. h6 Rh5 42. Bc1 Ke6 43. Rf4 Rxh6 44. Re4+ Kd5 45. Bxh6 Kxe4 46. Kh2 b5 47. Bd2 Kd3 48. Ba5 1-0

[Event "GER North-chT U16"]
[Site "Magdeburg"]
[Date "2006.08.26"]
[Round "1.2"]
[White "Reiche, Tilman"]
[Black "Hort, Max"]
[Result "0-1"]
[WhiteElo "1026"]
[BlackElo "1250"]
[PlyCount "106"]
[EventDate "2006.08.26"]
[EventType "team"]
[EventRounds "7"]
[EventCountry "GER"]
[SourceTitle "EXT 2007"]
[Source "ChessBase"]
[SourceDate "2006.11.23"]
[SourceVersion "1"]
[SourceVersionDate "2006.11.23"]
[SourceQuality "1"]

1. e4 e5 2. Nf3 Nc6 3. Bc4 Nf6 4. Nc3 Bc5 5. d3 d6 6. Bg5 Be6 7. 0-0 h6 8. Bh4 Qd7 9. a3 g5 10. Bg3 Bg4 11. Bb5 a6 12. Bxc6 Qxc6 13. h3 Bh5 14. Nb1 g4 15. hxg4 Nxg4 16. Bh4 Rg8 17. Nbd2 Rg6 18. c3 Nf6 19. b4 Bb6 20. Qb3 0-0-0 21. Bg3 Rxg3 22. d4 Rg7 23. d5 Qd7 24. Rab1 Nxe4 25. c4 Nxd2 26. Nxd2 Rdg8 27. c5 Rxg2+ 28. Kh1 Ba7 29. Rg1 Rxg1+ 30. Rxg1 Rxg1+ 31. Kxg1 Qg4+ 32. Kh1 Qd1+ 33. Qxd1 Bxd1 34. cxd6 cxd6 35. Nc4 Kc7 36. Kg2 h5 37. f3 Bb3 38. Ne3 Bxe3 39. Kg3 Bxd5 40. a4 Kc6 41. a5 Kb5 42. Kg2 Kxb4 43. Kg3 h4+ 44. Kxh4 Bxf3 45. Kh3 d5 46. Kg3 e4 47. Kh2 d4 48. Kh3 d3 49. Kg3 d2 50. Kh2 d1Q 51. Kg3 Qg1+ 52. Kh3 Qg2+ 53. Kh4 Qg4# 0-1